000 004240000a22001810004500
003 MACL
005 20160130123549.0
008 160130b xxu||||| |||| 00| 0 eng d
040 _aMACL
_cMACL
041 _aEnglish
082 _a823
100 _aChristie, Agatha
_930614
245 _aHercule Poirotes christmas
260 _bHarper
_c2001
_aNoida
350 _a175
650 _aFiction
_935884
942 _cBK
_k823
_2ddc
999 _c45676
_d45676